Capitaine flam - Statistiques

Statistiques générales
  • Ce quiz a été pris 4 fois
  • Le résultat moyen est 3 sur 11
Statistiques - réponses
Hint Réponse % Correct
Comment s’appelle l’homme androïde capable de changer d’apparence Mala
100%
Quel est le vrai nom du Capitaine Flam Curtis Newton
50%
Quel est le nom anglais original de Capitaine Flam Captain Future
25%
Comment s’appelle le robot jovial qui accompagne toujours Flam Grag
25%
Sur quel satellite Curtis Newton a-t-il été élevé La Lune
25%
Quel est le nom du vaisseau du Capitaine Flam Le Cyberlab
25%
Quel est le principal surnom du chef de la Ligue des Sombres L’Empereur de l’Espace
25%
Quel scientifique est devenu un cerveau flottant dans une boîte Simon Wright
25%
Comment s’appelle la jeune femme proche du Capitaine Flam Joan Landor
0%
Quel est le principal ennemi récurrent du Capitaine Flam Kahlon
0%
Comment s’appelle l’arme principale utilisée ? Le fusil à photons
0%
Aucun quiz correspondant
Distribution des résultats
% des personnes avec chaque résultat
Percentile par nombre de réponses
Votre historique - résultats
Vous n’avez pas pris ce quiz